| 000 | 01297nam a2200337 i 4500 | ||
|---|---|---|---|
| 001 | 197448 | ||
| 003 | ES-MaACL | ||
| 005 | 20250822063247.0 | ||
| 007 | ta | ||
| 008 | 250527s2024 sp ||| 000 0|spa c | ||
| 017 |
_aB 15420-2024 _bOficina Depósito Legal Barcelona |
||
| 020 | _a9788423437832 | ||
| 040 |
_aBPVAL, _bspa _cES-MaACL |
||
| 080 | _a7.07: 339.166 | ||
| 100 | 1 |
_aSancho-Arroyo, María _9240791 _eaut |
|
| 245 | 1 | 1 |
_a¿Inversión o pasión? : _buna guía para navegar por el mercado del arte / _cMaría Sancho-Arroyo. |
| 250 | _aPrimera edición: octubre 2024 | ||
| 260 |
_aBarcelona : _bDeusto, _c2024. |
||
| 300 |
_a205 páginas ; _c23 cm. |
||
| 336 |
_2rdacontent _atexto |
||
| 337 |
_2rdamedia _asin mediación |
||
| 338 |
_2rdacarrier _avolumen |
||
| 650 | 0 |
_aObras de arte- _xComercio _9240792 |
|
| 650 | 7 |
_aArte como inversión _2embne _9240793 |
|
| 852 |
_aES-MaACL _cDEPOJ _jN-10495 _gDedicatoria autógrafa de la autora _hDonación: María Sancho-Arroyo _xEncuadernación rústica con solapas _9206618 |
||
| 903 |
_9240791 _aSancho-Arroyo, María _ednr |
||
| 942 |
_cMONOGRAFIA _n0 |
||
| 999 |
_c197448 _d197448 |
||